Színház

Elmentve itt :
Bibliográfiai részletek
Szerzők: Kázmér Ernő
Beödi Balogh Gábor
Dokumentumtípus: Cikk
Megjelent: 1912
Sorozat:Kultura [!Kultúra] : irodalmi, művészeti, kritikai képes havi folyóirat 4 No. 16
Kulcsszavak:Színháztudomány
Online Access:http://misc.bibl.u-szeged.hu/1543
LEADER 00635nab a2200181 i 4500
001 misc1543
005 20191106143634.0
008 170607s1912 hu o 0|| hun d
040 |a SZTE Miscellanea Repozitórium  |b hun 
041 |a hun 
100 1 |a Kázmér Ernő 
245 1 0 |a Színház  |h [elektronikus dokumentum] /  |c  Kázmér Ernő 
260 |c 1912 
300 |a 1017-1022 
490 0 |a Kultura [!Kultúra] : irodalmi, művészeti, kritikai képes havi folyóirat  |v 4 No. 16 
695 |a Színháztudomány 
700 0 2 |a Beödi Balogh Gábor  |e aut 
856 4 0 |u http://misc.bibl.u-szeged.hu/1543/1/kultura_004_016_1017-1022.pdf  |z Dokumentum-elérés